The world book encyclopedia.

Tallennettuna:
Bibliografiset tiedot
Aineistotyyppi: Kirja
Kieli:Undetermined
Julkaistu: Chicago World Book, Inc. 2001
Aiheet:
Tagit: Lisää tagi
Ei tageja, Lisää ensimmäinen tagi!
Thư viện lưu trữ: Trung tâm Học liệu Trường Đại học Cần Thơ
LEADER 00446nam a2200169Ia 4500
001 CTU_125099
008 210402s9999 xx 000 0 und d
020 |c 297704 
082 |a 031 
082 |b W927/Vol.3 
245 4 |a The world book encyclopedia. 
260 |a Chicago 
260 |b World Book, Inc. 
260 |c 2001 
650 |a Encyclopedias and dictionaries 
904 |i Minh 
980 |a Trung tâm Học liệu Trường Đại học Cần Thơ